| 000 | 00670nam a2200169 i 4500 | ||
|---|---|---|---|
| 001 | 26519 | ||
| 003 | ES-MaACL | ||
| 005 | 20250824063028.0 | ||
| 007 | t| | ||
| 008 | 030109s1944 sp ||||1| spa d | ||
| 100 | 1 |
_aAunós Pérez, Eduardo, _d1894-1967 _923920 |
|
| 245 | 1 | 0 |
_aFides, amor patria _b: discurso pronunciado como mantenedor de los juegos Flovales de "Lo Rat Penat" de Valencia el 30 de Julio de 1944 / _cEduardo Aunós Pérez. |
| 260 |
_a[Madrid : _bs.n., _c1944] ( _eAlcalá de Henares : _fImp. de los Talleres Penitenciarios) |
||
| 300 |
_a112 p., 4 lám., 1 ret. ; _c13 cm. |
||
| 852 |
_aES-MaACL _j1838-F-10 _bR.21373 |
||
| 999 |
_c26519 _d26519 |
||